00903 2200325 4500001002100000005001500021035002000036007000300056040001700059100002700076245007900103250001200182300004100194504002600235020002200261041000800283082001000291084001600301090002100317264003900338336002100377337003000398338002300428500002700451650001800478850001000496008004100506990001500547990001500562INLIS00000000000743420260602023109 a0010-0822000408ta aSBPUPADbind0 aBudi SamadiePengarang1 aPembesaran Ikan Di Perairan Umum Dalam Keramba Jaring Apung /cBudi sumadi a.-cet.1 aiv,85 hlm :bilus. ;c14,5 x 20,5 cm aBibliografi,hlm 83-84 a978-979-3756-61-507aind a641.4 a641.4 BUD p a641.4 BUD p 20-8 a.--Jakarta; :bPustaka Mina,c2010 2rdacontentateks 2rdamediaatanpa perantara 2rdacarrieravolume aTentang Penulis,hlm 85 4aBudidaya Ikan aPUPAD260602 0  a276/B/2013 a275/B/2013